看英文名猜知名歌手 - Statistics

General Stats
  • This quiz has been taken 57 times
  • The average score is 10 of 30
Answer Stats
Hint Answer % Correct
Jay 周杰伦
100%
Jolin 蔡依林
87%
Eason 陈奕迅
87%
CoCo 李玟
72%
Hebe 田馥甄
66%
aMEI 张惠妹
66%
David 陶喆
60%
Leehom 王力宏
58%
Ella 陈嘉桦
49%
Cyndi 王心凌
40%
Fish 梁静茹
38%
Leslie 张国荣
38%
Angela 张韶涵
34%
Stefanie 孙燕姿
32%
Sandy 林忆莲
30%
Elva 萧亚轩
26%
Faye 王菲
25%
Sally 叶倩文
21%
Ado 阿杜
19%
Hacken 李克勤
17%
Alan 谭咏麟
15%
Silence 汪苏泷
15%
Anita 梅艳芳
13%
Rainie 杨丞琳
9%
Jimmy 林志颖
8%
Priscilla 陈慧娴
8%
Wayne 林俊杰
4%
Charlie 周深
4%
Terry 林志炫
4%
Kris 费翔
0%
No matching quizzes found
Score Distribution
Percent of People with Each Score
Percentile by Number Answered
Your Score History
You have not taken this quiz